| Поле | Название | Значение |
| |
Тип записи |
a |
| |
Библиографический уровень |
m |
| 001 |
Контрольный номер |
d4fec23cf3394a83bb563d50e1398f41 |
| 005 |
Дата корректировки |
20140606101454.4 |
| 010 |
Индекс ISBN |
__ |
| a |
ISBN |
978-5-94587-209-7 |
| 101 |
Язык документа |
0_ |
| a |
Язык текста |
rus |
| 102 |
Страна публикации |
__ |
| a |
Страна публикации |
RU |
| 200 |
Заглавие и сведения об ответственности |
1_ |
| a |
Заглавие |
Предпринимательство: историко-правовые аспекты |
| e |
Сведения, относящиеся к заглавию |
научное издание |
| f |
Первые сведения об ответственности |
Е. А. Бабайцева ; ред. Ю. Ю. Ветютнев |
| 210 |
Выходные данные |
1_ |
| c |
Издательство |
Джангар |
| a |
Место издания |
Элиста |
| d |
Дата издания |
2007 |
| 215 |
Физическое описание |
__ |
| a |
Объем |
287, [1] с. |
| 610 |
Ключевые слова |
0_ |
| a |
Ключевые слова |
право |
| 610 |
Ключевые слова |
0_ |
| a |
Ключевые слова |
предпринимательство |
| 610 |
Ключевые слова |
0_ |
| a |
Ключевые слова |
правовое регулирование предпринимательства |
| 610 |
Ключевые слова |
0_ |
| a |
Ключевые слова |
истоки предпринимательской деятельности |
| 610 |
Ключевые слова |
0_ |
| a |
Ключевые слова |
хозяйственное право |
| 610 |
Ключевые слова |
0_ |
| a |
Ключевые слова |
публичное право |
| 610 |
Ключевые слова |
0_ |
| a |
Ключевые слова |
частное право |
| 610 |
Ключевые слова |
0_ |
| a |
Ключевые слова |
юридическое лицо |
| 610 |
Ключевые слова |
0_ |
| a |
Ключевые слова |
субъект предпринимательства |
| 610 |
Ключевые слова |
0_ |
| a |
Ключевые слова |
недропользование |
| 610 |
Ключевые слова |
0_ |
| a |
Ключевые слова |
ограничения предпринимательства |
| 686 |
Индексы других классификаций |
__ |
| a |
Классификационный индекс |
67.623 |
| 2 |
Код системы |
rubbk |
| 686 |
Индексы других классификаций |
__ |
| a |
Классификационный индекс |
65.9(2)09 |
| 2 |
Код системы |
rubbk |
| 700 |
Автор |
_1 |
| a |
Фамилия |
Бабайцева |
| b |
Имя |
Е. А. |
| g |
Полное личное имя |
Елена Анатольевна |
| 702 |
Вторичная интеллектуальная ответственность |
_1 |
| a |
Фамилия |
Ветютнев |
| b |
Имя |
Ю. Ю. |
| 4 |
Код отношения |
340 |
| 801 |
Источник записи |
_0 |
| a |
Страна |
RU |
| b |
Организация |
РУК |
| c |
Дата составления |
20080304 |
| g |
Правила каталогизации |
PSBO |
| 801 |
Источник записи |
_1 |
| a |
Страна |
RU |
| b |
Организация |
РУК |
| c |
Дата составления |
20080304 |
| g |
Правила каталогизации |
PSBO |
| 852 |
Данные о местонахождении |
__ |
| j |
Шифр хранения |
ББК 67 |
| i |
Авторский знак |
Б 12 |
| 901 |
Тип документа |
__ |
| t |
Тип документа |
m |
| 938 |
Служебная информация |
__ |
| a |
Название организации |
Головной вуз |
| b |
Имя БД |
BOOK |
| c |
Название АИБС |
АИБС ИРБИС |